000 00292nam a2200121Ia 4500
008 190802s9999 xx 000 0 und d
020 _a978-93-325-8573-7
100 _aPaul Deitel
245 0 _aC++ How To Program
260 _aUttar Pradesh
_bPearson
_c2017
300 _a1070:p
942 _cBK
999 _c2553
_d2553